000 01952nmm a22004217a 4500
005 20131127110843.0
008 131127b2012 ck ||||| |||| 00| 0 spa d
041 _aspa
044 _ack
090 _aLB
_b05785
110 _aCorporación autónoma regional de Cundinamarca-CAR
_92424
245 _aCapacitaciones 2011-2012 :
_bOficina Gestión de Talento Humano
260 _aBogotá
_bCAR
_bUniversidad Distrital Francisco José de Caldas
_c2012
300 _a21 p.,
_c13 cm
650 _aAdministración adecuada del tiempo
_93000
650 _aMetodología para la ejecución de visitas
_93001
650 _aManejo de excel avanzado
_93002
650 _aPrograma en coaching
_93003
650 _aAtención al usuario y manejo de conflictos
_93004
650 _aDiplomado derecho ambiental y minero :
_vAyudas Audiovisuales
_93005
650 _aMemorias diplomado :
_vAnálisis de amenazas y gestión
_93006
650 _aDiplomado en Gestión de la calidad del aire
_93007
650 _aNuevo estatuto de anticorrupción
_93008
650 _aCurso :
_vIntroducción a los sistemas de información geográficas
_93009
650 _aPrograma Balanced Score Card
_93010
650 _aTaxonomía e identificación de madera
_93011
650 _aValoración económica ambiental
_93012
650 _aAtención y prevención de desastres con énfasis en deslizamientos
_93013
650 _aSeminario Fortalecimiento, desempeño y habilidades gerenciales
_vCAR
_93014
650 _aAvalúos especiales
_vNivel básico IGAC
_93015
650 _aConsolidado :
_vMemorias formulación de proyectos
_93016
650 _aCurso metodología para la ejecución de visitas
_93017
650 _aDiplomado :
_vRespel CAR
_93018
650 _aJornada de actualización :
_vContratación estatal
_93019
650 _aMetodología general ajustada :
_vMGA
_93020
650 _aParticipación Ciudadana y Educacion Ambiental
_93021
942 _2z
_cCD-ROM
999 _c7926
_d7926